[Event "Liptovsky Mikulas V4 U15 op"]
[Site "Liptovsky Mikulas"]
[Date "2017.06.21"]
[Round "1"]
[White "Janikovic, Alex Zoltan"]
[Black "Cieslak, Jessica"]
[Result "1/2-1/2"]
[WhiteElo "1543"]
[BlackElo "1284"]
[PlyCount "138"]
[EventDate "2017.06.21"]
[EventType "swiss"]
[EventRounds "9"]
[EventCountry "SVK"]
[SourceTitle "CBM 179 Extra"]
[Source "ChessBase"]
[SourceDate "2017.08.23"]
[SourceVersion "1"]
[SourceVersionDate "2017.08.23"]
[SourceQuality "1"]

1. e4 c5 2. c3 d5 3. exd5 Qxd5 4. d4 Nf6 5. Nf3 Bg4 6. Be2 Nc6 7. Be3 c4 8. h3 Bh5 9. Nbd2 b5 10. a4 Na5 11. axb5 Qxb5 12. Qa4 Qxa4 13. Rxa4 Nb7 14. Bxc4 Nd6 15. Ne5 Nxc4 16. Ndxc4 e6 17. Nc6 Be7 18. Nb6 Rd8 19. Nxd8 Bxd8 20. Nc4 0-0 21. Rxa7 Nd5 22. Ne5 Bh4 23. 0-0 Be2 24. Re1 Nxe3 25. Rxe2 Nd5 26. g3 Bg5 27. f4 Bh6 28. Ng4 Rb8 29. Re1 Kf8 30. Nxh6 gxh6 31. Re2 Kg7 32. Kf2 Kf6 33. Kf3 Rb3 34. g4 Ne7 35. f5 Nc6 36. Rc7 Nxd4+ 37. Kf2 Nxe2 38. Kxe2 Rxb2+ 39. Kf3 exf5 40. Rc6+ Kg5 41. Rc5 Rc2 42. Rxf5+ Kg6 43. Rc5 Rc1 44. h4 Rf1+ 45. Kg2 Rf4 46. Kg3 Rf1 47. Rc6+ Kg7 48. c4 Rg1+ 49. Kf3 Rf1+ 50. Kg2 Rc1 51. c5 Rc4 52. Kg3 Rc3+ 53. Kf4 Rc4+ 54. Kf5 h5 55. gxh5 Rxh4 56. Kg5 Rc4 57. h6+ Kf8 58. Kf6 Rf4+ 59. Kg5 Rc4 60. Rc8+ Ke7 61. c6 Rc5+ 62. Kg4 Rc4+ 63. Kf5 Rc5+ 64. Ke4 Rh5 65. c7 Kd7 66. Rf8 Kxc7 67. Rxf7+ Kd6 68. Rxh7 Ke6 69. Rb7 Kf6 1/2-1/2